Tanzen möcht ich : Walzer nach Motiven der Operette "Die Csárdásfürstin" /

Hlavní autor: Kálmán, Emmerich, 1882-1953
Další autoři: Schott, Hans
Jazyk: Nelze použít, není lingvistický obsah
Vydáno: Leipzig : Josef Weinberger, 1916
Témata:
Fyzický popis: 15 hlasů (12, 4, 4, 4, 4, 4, 4, 4, 4, 4, 3, 3, 3, 3, 8 stran)
Hudebniny Hudebniny
Uloženo v:
LEADER 01952ncm a2200421 i 4500
001 001705401
003 CZ BrMZK
005 20190919145712.0
007 qu
008 190905s1916 gw wzaeg ||||||||| zxx d
040 |a BOA001  |b cze  |e rda 
043 |a e-hu--- 
045 |a w-x- 
048 |a ka01  |a sa03  |a sb01  |a sc01  |a sd01  |a wa01  |a wb01  |a wc01  |a bb01  |a bc01  |a bd01  |a pa01 
072 7 |a 785  |x Instrumentální hudba. Symfonická hudba. Hudba pro více nástrojů  |2 Konspekt  |9 9 
080 |a 782.8.086.088  |2 MRF 
080 |a 78.085.2  |2 MRF 
080 |a 78.087  |2 MRF 
100 1 |a Kálmán, Emmerich,  |d 1882-1953  |7 jn19990210326  |4 cmp 
245 1 0 |a Tanzen möcht ich :  |b Walzer nach Motiven der Operette "Die Csárdásfürstin" /  |c von Emmerich Kálmán 
246 3 3 |a Chtěl bych tančit : valčík z operety Čardášová princezna 
264 1 |a Leipzig :  |b Josef Weinberger,  |c 1916 
300 |a 15 hlasů (12, 4, 4, 4, 4, 4, 4, 4, 4, 4, 3, 3, 3, 3, 8 stran) 
336 |a zápis hudby  |b ntm  |2 rdacontent 
337 |a bez média  |b n  |2 rdamedia 
338 |a svazek  |b nc  |2 rdacarrier 
382 0 |a klavír  |n 1  |a housle  |n 3  |a viola  |n 1  |a violoncello  |n 1  |a kontrabas  |n 1  |a flétna  |n 1  |a hoboj  |n 1  |a klarinet  |v in B  |n 1  |a cornet à piston  |n 1  |a trubka  |v in F  |n 1  |a pozoun  |n 1  |a bicí nástroje  |n 1  |d tympány  |n 1  |a harmonium  |n 1  |s 15 
500 |a Většina partů ve více výtiscích, u některých rukopisné opisy 
500 |a Obsahuje několik přidaných rukopisných partů: lesní rohy in F, trubka in C, trubka in B, pozoun, klarinet in C 
648 7 |a 19.-20. století  |7 ch757015 
650 0 7 |a operetní výňatky, úpravy  |7 ph315241  |z Maďarsko  |y 19.-20. století  |2 czenas 
650 0 7 |a valčíky  |7 ph224487  |2 czenas 
655 7 |a hlasy  |7 fd186703  |2 czenas 
700 1 |a Schott, Hans  |7 mzk2010604801  |4 arr 
910 |a BOA001  |b Mus3-0953.989 
990 |a MU 
991 |b 201909 
996 6 |b 2610791832  |c Mus3-0953.989  |l MZK  |r Sklad / do 1 hodiny  |n 0  |p dar  |w 001752969  |u 000010  |a 1  |e BOA001  |j MZK50  |s P